Romantic poetry / (Record no. 144850)

MARC details
000 -LEADER
fixed length control field 00905nam a22002297a 4500
005 - DATE AND TIME OF LATEST TRANSACTION
control field 20180201142935.0
010 ## - LCCN (DPL NO)
LC control number 1718EN-30 ENG-121729
020 ## - INTERNATIONAL STANDARD BOOK NUMBER
International Standard Book Number 9789385462351
Terms of availability 295.00
035 ## - SYSTEM CONTROL NUMBER
System control number EN-105261
035 ## - SYSTEM CONTROL NUMBER
System control number B-686965-967
037 ## - SOURCE OF ACQUISITION
Source of stock number/acquisition Ane Books
Stock number dpl
037 ## - SOURCE OF ACQUISITION
Source of stock number/acquisition DBAD/PUB
082 ## - DEWEY DECIMAL CLASSIFICATION NUMBER
Classification number 881
100 ## - MAIN ENTRY--PERSONAL NAME
Personal name Mukherjee, Gurudas
245 ## - TITLE STATEMENT
Title Romantic poetry /
Statement of responsibility, etc by Gurudas Mukherjee [and] Indibar Mukherjee
260 ## - PUBLICATION, DISTRIBUTION, ETC. (IMPRINT)
Place of publication, distribution, etc New Delhi
Name of publisher, distributor, etc Ane Books
Date of publication, distribution, etc 2016
270 ## - ADDRESS
Address 4821, Parwana Bhawan, Ist Floor, 24 Ansari Road, Daryaganj,
City New Delhi
Postal code 110002
300 ## - PHYSICAL DESCRIPTION
Extent viii,274p.
Dimensions 23cm(pbk)
700 ## - ADDED ENTRY--PERSONAL NAME
Personal name Mukherjee, Indibar
942 ## - ADDED ENTRY ELEMENTS (KOHA)
Source of classification or shelving scheme Dewey Decimal Classification
Item type English Books
Call number suffix MUK
Classification part 881
Holdings
Withdrawn status Lost status Not for loan Collection code Home library Current library Date acquired Source of acquisition Cost, normal purchase price Full call number Barcode Copy number Cost, replacement price Koha item type
      Non-fiction Ashok Vihar Ashok Vihar 01/02/2018 Ane/ABPL/17-18/2149/29.11.17/BPPD/EN/17-18/635/21.11.2017/ 6.1.2018 295.00 881 MUK B-686966 1 295.00 English Books
    Not For Loan Non-fiction D.B.Act.Division Bawana 05/12/2017 DBAD/PUB 295.00 881 MUK EN-105261 1 295.00 English Books
      Non-fiction Central Library Central Library 01/02/2018 Ane/ABPL/17-18/2149/29.11.17/BPPD/EN/17-18/635/21.11.2017/ 6.1.2018 295.00 881 MUK B-686965 1 295.00 English Books
      Non-fiction Patel Nagar Patel Nagar 01/02/2018 Ane/ABPL/17-18/2149/29.11.17/BPPD/EN/17-18/635/21.11.2017/ 6.1.2018 295.00 881 MUK B-686967 1 295.00 English Books

© Delhi Public Library
Hit Counter
free hit counter